Central Library OPAC University of Rajshahi

Critical perspectives on V. S. Naipaul / (Record no. 62296)

MARC details
000 -LEADER
fixed length control field 00815nam a2200277 a 4500
001 - CONTROL NUMBER
control field 62296
003 - CONTROL NUMBER IDENTIFIER
rucl marc code BD-RjUL
005 - DATE AND TIME OF LATEST TRANSACTION
control field 20211209081051.0
008 - FIXED-LENGTH DATA ELEMENTS--GENERAL INFORMATION
fixed length control field 780209s1977 b 001 0 eng
020 ## - INTERNATIONAL STANDARD BOOK NUMBER
International Standard Book Number 0435913328
035 ## - SYSTEM CONTROL NUMBER
System control number (BD-RjUL) 62422
040 ## - CATALOGING SOURCE
Original cataloging agency BD-RjUL
Transcribing agency BD-RjUL
Language of cataloging eng
041 ## - LANGUAGE CODE
Language code of text/sound track or separate title eng
082 00 - DEWEY DECIMAL CLASSIFICATION NUMBER
Classification number 823
Edition number 23
Author mark and year HAC 1977
100 ## - MAIN ENTRY--PERSONAL NAME
Personal name Hamner,Robert D.
9 (RLIN) 185289
245 00 - TITLE STATEMENT
Title Critical perspectives on V. S. Naipaul /
Statement of responsibility, etc. edited by Robert D. Hamner.
260 ## - PUBLICATION, DISTRIBUTION, ETC. (IMPRINT)
Place of publication, distribution, etc. London :
Name of publisher, distributor, etc. Heinemann
Date of publication, distribution, etc. c1977.
300 ## - PHYSICAL DESCRIPTION
Pagination xxxi, 299 p. ;
Size 23 cm.
490 0# - SERIES STATEMENT
Series statement Critical perspectives
500 ## - GENERAL NOTE
General note Includes index.
600 ## - SUBJECT ADDED ENTRY--PERSONAL NAME
Personal name Naipaul, V. S. (Vidiadhar Surajprasad),
Chronological subdivision 1932
650 ## - SUBJECT ADDED ENTRY--TOPICAL TERM
Topical term or geographic name as entry element literature.
9 (RLIN) 177187
Topical term or geographic name as entry element West Indies
9 (RLIN) 189955
856 ## - ELECTRONIC LOCATION AND ACCESS
Materials specified Critical perspectives
942 ## - ADDED ENTRY ELEMENTS (KOHA)
Source of classification or shelving scheme Dewey Decimal Classification
Koha item type Books
Holdings
Lost status Source of classification or shelving scheme Damaged status Not for loan Collection code Permanent Location Current Location Shelving location Date acquired Source of acquisition Cost, normal purchase price Total Checkouts Full call number Date last seen Copy number Koha item type
  Dewey Decimal Classification   Not For Loan Fiction Central Library, University of Rajshahi Central Library, University of Rajshahi Reading Room 19/07/1988 Manim book 5.95   823 HAC 1977 23/01/2017 C-1 Books